Normal view
MARC view
Entry Topical Term
001 - CONTROL NUMBER
- control field: 28449
003 - CONTROL NUMBER IDENTIFIER
- control field: OSt
005 - DATE AND TIME OF LATEST TRANSACTION
- control field: 20240916172607.0
008 - FIXED-LENGTH DATA ELEMENTS
- fixed length control field: 240916|| aca||aabn | a|a d
040 ## - CATALOGING SOURCE
- Original cataloging agency: OSt
- Transcribing agency: OSt
150 ## - HEADING--TOPICAL TERM
- Topical term or geographic name entry element: Dinosaurs stories.
670 ## - SOURCE DATA FOUND
- Source citation: Work cat.: (OSt): Whybrow, Ian. 28448, Harry and the dinosaurs go wild / , 2014.